000 00667nam a22001697a 4500
999 _c60641
_d60641
005 20230928103123.0
008 230928s1978 gw ||||| |||| 00| 0 ger d
041 _ager
080 _a069 K-21
100 _aKarageorghis, Vassos
_919708
245 _aDie Griechischen Museen :
_bZypern Museum und archäologische Stätten auf Zypern
_cVassos Karageorghis.
264 _aAthen,
_c1978.
300 _a56 p.:
_bill.;
_c32 cm.
653 _aბერძნული მუზეუმები
653 _aკვიპროსის მუზეუმი და არქეოლოგიური ძეგლები კვიპროსში
942 _2udc
_cBK